000 00682nam a2200265 a 4500
001 32571
003 AR-BaAGN
005 20231116145256.0
007 ta
008 220625s1964 ag |||||r|||| ||||||spa d
040 _dAR-BaAGN
_aAR-BaAGN
_bspa
_eaacr
100 1 _aGarcía Mellid, Atilio
245 1 0 _aProceso al liberalismo argentino
250 _a2ª ed.
260 _aBuenos Aires :
_bTheoría,
_c1964.
300 _a585 páginas
336 _2rdacontent
_btxt
337 _2rdamedia
_bn
338 _2rdacarrier
_bnc
490 0 _aBiblioteca de estudios históricos
650 4 _aLIBERALISMO
_92541
651 4 _aArgentina
_93645
942 _cLIBRO
999 _c32571
_d32571